000 00449nam a2200181Ia 4500
001 14644
005 20260306164929.0
008 260306t2011||||xx |||||||||||||| ||spa||
041 _aESP
082 _a515.35
_bZ945A
100 _aZill, Dennis G.
_eAUT
245 0 _aEcuaciones diferenciales con aplicaciones de modelado
260 _c2011
300 _av.s páginas :
_c27 cm.
650 _aGEN
654 _aCMA
942 _cLIB
_dJUS
_fJUS
_2ddc
_n
999 _c14644
_d14644